000
00301nam a22001337a 4500
008
171030b xxu||||| |||| 00| 0 eng d
020
_a
9780324561258
041
_a
eng
080
_2
3 ED
_a
336
100
_a
56
101
_a
FIN
245
_a
ENTERPRENEURIAL FIANNCE
_c
MELICHER.L
942
_2
udc
_c
BK
999
_c
36347
_d
36347